The Evolution of Organized Crime in the Digital Age Strategies for Disruption and Prevention /

Elmentve itt :
Bibliográfiai részletek
Szerzők: Malik Ghulam Mujtaba
Syed Jaffer Abbas Rizvi
Nisar Ahmed Lund Baloch
Dokumentumtípus: Cikk
Megjelent: 2025
Sorozat:Dialogue Social Science Review (DSSR) 3 No. 7
Tárgyszavak:
mtmt:36244233
Online Access:http://publicatio.bibl.u-szeged.hu/37526
LEADER 00871nab a2200229 i 4500
001 publ37526
005 20250827095224.0
008 250827s2025 hu o 000 eng d
022 |a 3007-3154 
024 7 |a 36244233  |2 mtmt 
040 |a SZTE Publicatio Repozitórium  |b hun 
041 |a eng 
100 1 |a Malik Ghulam Mujtaba 
245 1 4 |a The Evolution of Organized Crime in the Digital Age   |h [elektronikus dokumentum] :  |b Strategies for Disruption and Prevention /  |c  Malik Ghulam Mujtaba 
260 |c 2025 
300 |a 19 
300 |a 118-136 
490 0 |a Dialogue Social Science Review (DSSR)  |v 3 No. 7 
650 4 |a Jogtudomány 
700 0 1 |a Syed Jaffer Abbas Rizvi  |e aut 
700 0 1 |a Nisar Ahmed Lund Baloch  |e aut 
856 4 0 |u http://publicatio.bibl.u-szeged.hu/37526/1/TheEvolutionofOrganizedCrimeintheDigitalAgeStrategiesforDisruptionandPrevention.pdf  |z Dokumentum-elérés